00883 2200301 4500001002100000005001500021035002000036007000300056008004100059020002200100082001500122084001700137100002700154245006400181300003400245650002300279700003400302264003300336336002100369337003000390338002300420040002200443090002200465850001200487999002200499440003800521990002200559INLIS00000000088011520230718102526 a0010-0723000486ta230718s2022 yoia g 000 ind d a978-623-471-029-804223a028.55 a028.55 ALB k0 aAlby SyafieePengarang10aKado buat ibu /cAlby Syafie; ilustrator, Kartika Sari Dewi a34 halaman :bgambar ;c21 cm 4aBacaan kanak-kanak0 aKartika Sari DewieIlustrator31aYogyakarta :bRainbow,c2022 2rdacontentateks 2rdamediaatanpa perantara 2rdacarrieravolume aYOPDYOGbinderda aCB-D.11 2022-3892 aYOPDYOG aCB-D.11/2022-3892 aSeri cerita anak & anti mati gaya aCB-D.11/2022-3892